000 00663nam a2200241Ia 4500
005 20260430150704.0
008 008 250103s9999 xx 000 0 eng d
037 _aTheses
040 _aCRL
040 _beng
040 _ceng
041 _2eng
041 _aeng
084 _qCRL
100 _aSingh Ashish Ranjan Au.; Ajeet Kumar Gu.
_91238217
245 0 _aIndia-Tanzania Trade Relations: With Special Reference to Zanzibar (1850 1950)
260 _c2024
300 _a215p.
650 _aAfrican Literature
700 _aUniversity of Delhi. Faculty of Social Science. Deptt. of African Studies
942 _cTH
999 _c1850393
_d1850393